| 000 | 01042nac a22002777a 4500 | ||
|---|---|---|---|
| 001 | BR0704613 | ||
| 003 | BR-BrBNA | ||
| 005 | 20240105123449.0 | ||
| 008 | 230509b bl.|||m| |||| 00| 0 por d | ||
| 040 |
_aBR-BrBNA _bpor _cBiblioteca Nacional de Agricultura |
||
| 072 | _aL50 | ||
| 090 | _a5214 BR0704613 | ||
| 100 | 1 | _aBergamin, F. | |
| 110 | 1 | _aSecretaria da Agricultura do Estado de São Paulo, São Paulo (Brasil). Diretoria de Publicidade Agrícola | |
| 245 | 1 | _aA secreção do leite, bases anátomo-fisiológicas da lactação | |
| 260 | 3 |
_aSão Paulo (Brasil): _c1949. |
|
| 300 | _a54 p. | ||
| 490 |
_aPublicação - Secretaria da Agricultura do Estado de São Paulo. Diretoria de Publicidade (Brazil) _vno. 742 _x |
||
| 500 | _a12 ref.; Reprint of "Boletim de Agricultura" single no. 1945; Documento microfilmado e tratado BR7316370 | ||
| 650 | _aGADO LEITEIRO | ||
| 650 | _aGLÂNDULA MAMÁRIA | ||
| 650 | _aSECREÇÃO | ||
| 650 | _aLEITE | ||
| 909 |
_a202312 _bLúcia Elande _c55 _dLúcia Elande |
||
| 942 |
_2AGRIS _n0 _cMS |
||
| 999 |
_c295574 _d295574 |
||